000 00505nam a22001697a 4500
005 20231107082102.0
008 231107b |||||||| |||| 00| 0 eng d
020 _a409013544
041 _aEnglish
082 _a346.47 BUR
100 _aBurrell, TD
_lEnglish
245 _aSouth African Patent Law and Practice /
_cTD Burrell
260 _aDurban :
_bButterworths,
_c1972
300 _bxxx, 445 pages ;
_c25 cm.
650 _aLegal practice
_bLaw
942 _cBK
_6ALISON_BN_VRIES
999 _c352
_d352